01067nam a22002897a 45000010005000000030006000050050017000110080041000280200018000690400029000870500015001160820010001311000025001412450073001662500037002392600037002763000053003134900049003665050008004155200170004235210025005935210020006186500037006386500041006756500031007167000030007477771FISKH20250805152907.0250805b cb ||||| |||| 00| 0 eng d a9780064451000 aFISKHbengcFISKHdFISKH aQB802 .B75 a523.8 aBranley, Franklyn M. aThe big dipper /cby Franklyn M. Branley : illustrated by Molly Coxe aFirst HarperTrophy edition, 1991 aNew York : bScholastic ,c1962. a32 pages : bcolor illustrations ;c18 X 23 cm.  aLet's- Read-And- Find - Out sciencevStage 1 aJ  aExplains basic facts about the Big Dipper, including which stars make up the constellation, how its position changes in the sky, and how it points to the North Star.8 a460 bLexile AD 8 aJ bRaz-Plus  aUrsa Major vJuvenile Literature aConstellationsvJuvenile Literature  aStarsvJuvenile Literature aCoxe, MollyeIllustrator